Testigos de esperanza (Record no. 254833)
[ view plain ]
| 000 -CABECERA | |
|---|---|
| Campo de control de longitud fija | 00529nam a22001577u 4500 |
| 008 - CÓDIGOS DE INFORMACIÓN DE LONGITUD FIJA | |
| Campo de control de longitud fija | 130405s2000 xxu||||| |||| 00| 0 spa d |
| 020 ## - NÚMERO INTERANCIONAL NORMALIZADO PARA LIBROS (ISBN) | |
| Número Internacional Normalizado para Libros (ISBN) | 8489651841 |
| 041 ## - CÓDIGO DE LENGUA | |
| Código de lengua del texto/banda sonora o título independiente | spa |
| 001 - NÚMERO DE CONTROL | |
| Campo de control | 73484 |
| 100 1# - PUNTO DE ACCESO PRINCIPAL-NOMBRE DE PERSONA | |
| Nombre de persona | Nguyen Van Thuan, Françoise Xavier |
| 9 (RLIN) | 27908 |
| 245 00 - MENCIÓN DE TÍTULO | |
| Título | Testigos de esperanza |
| Resto del título | :Ejercicios espirituales dados en presencia de S. S. Juan Pablo II |
| Mención de responsabilidad, etc. | Françoise Xavier Nguyen Van Thuan |
| 260 ## - PUBLICACIÓN, DISTRIBUCIÓN, ETC... (PIE DE IMPRENTA) | |
| Lugar de publicación, distribución, etc. | Madrid: |
| Nombre del editor, distribuidor, etc. | Ciudad Nueva, |
| Fecha de publicación, distribución, etc. | 2000 |
| 300 ## - DESCRIPCIÓN FÍSICA | |
| Extensión | 249 p. |
| Dimensiones | ;20 cm. |
| 650 04 - PUNTO DE ACCESO ADICIONAL DE MATERIA-TÉRMINO DE MATERIA | |
| Término de materia o nombre geográfico como elemento inicial | Pastoral |
| Subdivisión de materia general | Ejercicios espirituales |
| 9 (RLIN) | 14505 |
| 942 ## - ENTRADA DE ELEMENTOS AGREGADOS (KOHA) | |
| Koha [por defecto] tipo de item | Libros |
| Suprimido | Perdido | Estropeado | No para préstamo | Localización permanente | Localización actual | Localización en estantería | Fecha adquisición | Préstamos totales | Signatura completa | Número de Registro / Código de Barras | Fecha última consulta | Fecha último préstamo | Fecha del precio de reemplazo | Tipo de item de Koha |
|---|---|---|---|---|---|---|---|---|---|---|---|---|---|---|
| San Esteban | San Esteban | Depósito de libros | 21/05/2013 | 1 | 251311 NGU tes | 73484 | 02/12/2014 | 21/11/2014 | 21/05/2013 | Libros |
